[Event "Monsaraz op"]
[Site "Monsaraz"]
[Date "2023.11.26"]
[Round "7"]
[White "Tahay, Alexis"]
[Black "Aakash Sharadchandra, Dalvi"]
[Result "1-0"]
[WhiteElo "2416"]
[BlackElo "2114"]
[PlyCount "149"]
[EventDate "2023.11.21"]
[EventType "swiss"]
[EventRounds "9"]
[EventCountry "POR"]
[SourceTitle "CB49_2023"]
[SourceDate "2023.12.06"]
[SourceVersion "1"]
[SourceVersionDate "2023.12.06"]
[SourceQuality "1"]

1. e4 c5 2. Nf3 d6 3. d4 cxd4 4. Nxd4 Nf6 5. Nc3 a6 6. Be2 e5 7. Nb3 Be7 8. 0-0 0-0 9. Bf3 Be6 10. a4 Nbd7 11. Re1 Rc8 12. Nd2 Qa5 13. Nf1 b5 14. Ne3 b4 15. Ncd5 Bxd5 16. exd5 g6 17. Bd2 e4 18. Be2 Nb6 19. Bf1 Nfxd5 20. Nxd5 Nxd5 21. Bh6 Rfe8 22. Rxe4 Bf6 23. Rxe8+ Rxe8 24. Rb1 Bg7 25. Bxg7 Kxg7 26. Qd4+ Nf6 27. b3 d5 28. Bd3 Re6 29. f3 Kg8 30. Rd1 Nd7 31. Bf1 Nf6 32. Rd2 Kg7 33. g3 h5 34. Kf2 Kg8 35. Bd3 Nd7 36. Re2 Nc5 37. Rxe6 Nxe6 38. Qa7 Nc7 39. Ke2 Kf8 40. f4 Ke7 41. f5 gxf5 42. Bxf5 d4 43. Kd2 Qe5 44. Kc1 a5 45. Bd3 Kf6 46. Qb6+ Ne6 47. Bc4 Qe1+ 48. Kb2 Qc3+ 49. Kb1 Qe1+ 50. Ka2 Qc3 51. Bd3 Qc5 52. Qb5 Qe5 53. Qc6 Kg7 54. Bc4 Ng5 55. Qb5 Kf6 56. Bd3 Ne6 57. Be2 Ng7 58. Kb1 Kf5 59. Kc1 Kf6 60. Qxe5+ Kxe5 61. Kd2 Ke4 62. Bb5 Ne6 63. Bc6+ Kf5 64. Bf3 h4 65. gxh4 Nc5 66. Be2 Kf4 67. h5 Kg5 68. h4+ Kh6 69. Bd1 f5 70. Ke1 f4 71. Kf2 Ne4+ 72. Kf3 Nc3 73. Be2 Kxh5 74. Bd3 Kxh4 75. Kxf4 1-0

[Event "Monsaraz Rapid op"]
[Site "Monsaraz"]
[Date "2023.11.25"]
[Round "9"]
[White "Tahay, Alexis"]
[Black "Pinho, Tiago"]
[Result "1-0"]
[WhiteElo "2416"]
[BlackElo "1939"]
[PlyCount "139"]
[EventDate "2023.11.25"]
[EventType "swiss (rapid)"]
[EventRounds "9"]
[EventCountry "POR"]
[SourceTitle "CB48_2023"]
[SourceDate "2023.11.29"]
[SourceVersion "1"]
[SourceVersionDate "2023.11.29"]
[SourceQuality "1"]

1. Nf3 c5 2. c4 Nc6 3. d4 cxd4 4. Nxd4 g6 5. e4 Nf6 6. Nc3 d6 7. Be2 Nxd4 8. Qxd4 Bg7 9. Bg5 0-0 10. Qd2 Re8 11. 0-0 a5 12. b3 Be6 13. Rfe1 Qb6 14. Rad1 Nd7 15. Bf1 Qb4 16. Rc1 Nc5 17. Nd5 Qxd2 18. Bxd2 Bxd5 19. exd5 e5 20. dxe6 fxe6 21. Bf4 Rad8 22. Rcd1 e5 23. Bg5 Rd7 24. g3 h6 25. Be3 b6 26. Bg2 Red8 27. Re2 Kh7 28. Red2 Bf8 29. f4 exf4 30. Bxf4 g5 31. Be3 Bg7 32. Bh3 Re7 33. Bf5+ Kh8 34. Bf2 Ne4 35. Bxe4 Rxe4 36. Bxb6 Rde8 37. Bxa5 Ra8 38. Bb6 Be5 39. a4 Re8 40. Bd4 Bxd4+ 41. Rxd4 Re2 42. R1d2 Re1+ 43. Kf2 Rb1 44. R4d3 Rf8+ 45. Ke3 Rb8 46. Rxd6 R8xb3+ 47. Kd4 Ra3 48. Rxh6+ Kg7 49. Ra6 Rba1 50. c5 Kf7 51. Kd5 Ke7 52. Re2+ Kf7 53. Rf2+ Ke7 54. Ra7+ Ke8 55. Kc6 Rxa4 56. Rxa4 Rxa4 57. Rf5 Ra2 58. Rxg5 Rxh2 59. Rd5 Rg2 60. Rd3 Rf2 61. Kb6 Rb2+ 62. Kc7 Ra2 63. Re3+ Kf7 64. c6 Ra7+ 65. Kd6 Ra1 66. c7 Rd1+ 67. Kc6 Rc1+ 68. Kd7 Rd1+ 69. Kc8 Rd2 70. Re4 1-0

[Event "Monsaraz op"]
[Site "Monsaraz"]
[Date "2023.11.24"]
[Round "5"]
[White "Tahay, Alexis"]
[Black "Goncalves, Samuel Jesus P"]
[Result "1-0"]
[WhiteElo "2416"]
[BlackElo "2136"]
[PlyCount "109"]
[EventDate "2023.11.21"]
[EventType "swiss"]
[EventRounds "9"]
[EventCountry "POR"]
[SourceTitle "CB49_2023"]
[SourceDate "2023.12.06"]
[SourceVersion "1"]
[SourceVersionDate "2023.12.06"]
[SourceQuality "1"]

1. e4 c6 2. Nf3 d5 3. d3 dxe4 4. dxe4 Qxd1+ 5. Kxd1 Nf6 6. Nbd2 g6 7. Ne1 Ng4 8. Ke2 Bh6 9. f3 Ne5 10. h4 Be6 11. g4 f6 12. b3 0-0 13. Ba3 Rd8 14. g5 Bf8 15. f4 Ned7 16. Nd3 b6 17. Nf3 c5 18. f5 Bf7 19. Nf4 Nc6 20. h5 Nde5 21. hxg6 hxg6 22. Bb2 Bg7 23. Nxe5 fxe5 24. Nxg6 Bxg6 25. fxg6 Rd6 26. Ke3 Rxg6 27. Bc4+ e6 28. Rag1 Bf8 29. c3 Be7 30. Ke2 a6 31. Rh6 Kg7 32. Rxg6+ Kxg6 33. Bxe6 Rh8 34. Bf5+ Kf7 35. Bc1 Rh2+ 36. Kf3 Kg7 37. Rg2 Rxg2 38. Kxg2 b5 39. Bd7 Nd8 40. Kf3 Nf7 41. Kg4 Nd6 42. Bf5 a5 43. Kh5 c4 44. bxc4 bxc4 45. g6 Bf6 46. Bh6+ Kh8 47. Kg4 Nb5 48. Bd2 Kg7 49. a4 Nd6 50. Kh5 Kg8 51. Be6+ Kh8 52. Bd5 Be7 53. Bh6 Ne8 54. g7+ Nxg7+ 55. Kg6 1-0

[Event "Monsaraz op"]
[Site "Monsaraz"]
[Date "2023.11.23"]
[Round "4"]
[White "Mitrabha, Guha"]
[Black "Tahay, Alexis"]
[Result "1-0"]
[WhiteElo "2516"]
[BlackElo "2416"]
[PlyCount "77"]
[EventDate "2023.11.21"]
[EventType "swiss"]
[EventRounds "9"]
[EventCountry "POR"]
[SourceTitle "CB49_2023"]
[SourceDate "2023.12.06"]
[SourceVersion "1"]
[SourceVersionDate "2023.12.06"]
[SourceQuality "1"]

1. c4 c5 2. Nf3 Nc6 3. Nc3 e5 4. g3 g6 5. d3 Bg7 6. a3 d6 7. Bg2 Nge7 8. Rb1 a5 9. 0-0 0-0 10. Bg5 f6 11. Be3 Be6 12. Ne1 b6 13. b4 axb4 14. axb4 cxb4 15. Nd5 Rb8 16. Nxe7+ Nxe7 17. Rxb4 d5 18. Qb1 dxc4 19. dxc4 Qc8 20. Nd3 Bxc4 21. Rc1 b5 22. Nb2 Qc7 23. Nxc4 bxc4 24. Bb7 Nf5 25. Ba7 Rbe8 26. Rcxc4 Qd8 27. Bc6 Re6 28. Bb6 Qd2 29. Rc2 Qd6 30. Bc5 Qxc6 31. Bxf8 Qa6 32. Bxg7 Kxg7 33. Rc7+ Kh6 34. Rbb7 Nd4 35. Rxh7+ Kg5 36. h4+ Kg4 37. Qe4+ Kh3 38. Qg2+ Kg4 39. f3+ 1-0

[Event "FRA-chT Top 16 GpA"]
[Site "Chartres"]
[Date "2023.06.06"]
[Round "6.14"]
[White "Tahay, Alexis"]
[Black "Bellahcene, Bilel"]
[Result "0-1"]
[WhiteElo "2421"]
[BlackElo "2476"]
[PlyCount "70"]
[EventDate "2023.06.01"]
[EventType "team-tourn"]
[EventRounds "7"]
[EventCountry "FRA"]
[SourceTitle "CBM 214 Extra"]
[Source "ChessBase"]
[SourceDate "2023.07.31"]
[SourceVersion "1"]
[SourceVersionDate "2023.07.31"]
[SourceQuality "1"]
[WhiteTeam "Lyon"]
[BlackTeam "Bischwiller"]
[WhiteTeamCountry "FRA"]
[BlackTeamCountry "FRA"]

1. e4 e5 2. Nf3 Nf6 3. Nxe5 d6 4. Nf3 Nxe4 5. Nc3 Nxc3 6. dxc3 Be7 7. Bf4 Nd7 8. Qd2 Nc5 9. 0-0-0 0-0 10. Bc4 Be6 11. Bxe6 Nxe6 12. h4 Qd7 13. Bg5 Rfe8 14. Kb1 Bf8 15. Be3 a5 16. Qd3 a4 17. Rh3 Ra5 18. Ng5 g6 19. Rdh1 h6 20. Ne4 Bg7 21. g4 Qc6 22. h5 g5 23. f3 a3 24. b4 Rd5 25. Qf1 Re5 26. Bd2 d5 27. Nf2 Nf4 28. R3h2 Re2 29. Nd1 Rxd2 30. Rxd2 Bxc3 31. Qf2 Bxd2 32. Qxd2 Re2 33. Qc3 d4 34. Qxc6 bxc6 35. Rf1 Nd5 0-1

[Event "Montendre Blitz op"]
[Site "Montendre"]
[Date "2023.02.18"]
[Round "11"]
[White "Maze, Sebastien"]
[Black "Tahay, Alexis"]
[Result "1/2-1/2"]
[WhiteElo "2538"]
[BlackElo "2420"]
[PlyCount "98"]
[EventDate "2023.02.18"]
[EventType "swiss (blitz)"]
[EventRounds "11"]
[EventCountry "FRA"]
[SourceTitle "CBM 212 Extra"]
[Source "ChessBase"]
[SourceDate "2023.03.31"]
[SourceVersion "1"]
[SourceVersionDate "2023.03.31"]
[SourceQuality "1"]

1. e4 c5 2. Nf3 d6 3. Bb5+ Nd7 4. Ba4 Ngf6 5. 0-0 e6 6. Re1 a6 7. c4 Be7 8. Nc3 0-0 9. d4 cxd4 10. Nxd4 Qc7 11. Qe2 Ne5 12. Bb3 Re8 13. Nf3 b6 14. Nxe5 dxe5 15. Be3 Bb7 16. f3 Red8 17. Qf2 Nd7 18. Rad1 Bc5 19. a3 Bxe3 20. Qxe3 Nc5 21. Ba2 Bc6 22. b4 Na4 23. Nxa4 Bxa4 24. Rxd8+ Rxd8 25. Rc1 Bc6 26. c5 b5 27. Bb3 Rd4 28. Rd1 Qd8 29. Rxd4 exd4 30. Qd2 e5 31. g3 Kf8 32. Kf2 h5 33. h4 f6 34. Ba2 Qd7 35. Kg2 f5 36. Bb1 fxe4 37. Bxe4 Bxe4 38. fxe4 Qg4 39. Qf2+ Ke7 40. Qf3 Qg6 41. Qd3 Qe6 42. Qf3 Qa2+ 43. Kh3 Qe6+ 44. Kg2 Qa2+ 45. Kh3 Qc4 46. Qf5 Qe6 47. Qxe6+ Kxe6 48. Kg2 Kd7 49. Kf3 g6 1/2-1/2

[Event "Montendre Blitz op"]
[Site "Montendre"]
[Date "2023.02.18"]
[Round "4"]
[White "Tahay, Alexis"]
[Black "Bacrot, Etienne"]
[Result "1-0"]
[WhiteElo "2420"]
[BlackElo "2653"]
[PlyCount "122"]
[EventDate "2023.02.18"]
[EventType "swiss (blitz)"]
[EventRounds "11"]
[EventCountry "FRA"]
[SourceTitle "CBM 212 Extra"]
[Source "ChessBase"]
[SourceDate "2023.03.31"]
[SourceVersion "1"]
[SourceVersionDate "2023.03.31"]
[SourceQuality "1"]

1. e4 c5 2. Nf3 d6 3. d4 cxd4 4. Nxd4 Nf6 5. Nc3 Nc6 6. Bg5 e6 7. Qd2 a6 8. 0-0-0 Bd7 9. f4 Be7 10. Be2 Qc7 11. Nf3 h6 12. Bh4 Rc8 13. Kb1 b5 14. e5 dxe5 15. fxe5 Nd5 16. Nxd5 exd5 17. Bxe7 Nxe7 18. Bd3 Nc6 19. Qf4 Be6 20. h4 Qa5 21. Nd4 Nxd4 22. Qxd4 Qc7 23. Rhf1 Qc5 24. c3 Qxd4 25. cxd4 Ke7 26. Rc1 f6 27. exf6+ gxf6 28. Rxc8 Rxc8 29. Re1 Kd6 30. Rc1 Rg8 31. Bf1 Rg4 32. a4 bxa4 33. Bxa6 Rxd4 34. h5 Bg4 35. Bb7 Bxh5 36. Rc8 Bg6+ 37. Ka2 Rd2 38. g3 Bf5 39. Rh8 Rh2 40. Rf8 Ke7 41. Ra8 Bc2 42. Bxd5 Kd6 43. Bc4 Kc5 44. Be6 Kd6 45. Bc4 Ke5 46. Ra5+ Kd4 47. Bf7 Rg2 48. Rh5 Rxg3 49. Rxh6 Ke5 50. Be8 Bb3+ 51. Ka3 Bf7+ 52. Kxa4 Bxe8+ 53. Ka5 Rb3 54. Rh7 Bg6 55. Re7+ Kd6 56. Re2 Bf7 57. Ka4 Rb8 58. b4 f5 59. b5 Be8 60. Rd2+ Ke5 61. Re2+ Kf6 1-0

[Event "Sitges Sunway op 9th"]
[Site "Sitges"]
[Date "2022.12.19"]
[Round "7"]
[White "Tahay, Alexis"]
[Black "Sankalp, Gupta"]
[Result "1/2-1/2"]
[WhiteElo "2400"]
[BlackElo "2485"]
[PlyCount "73"]
[EventDate "2022.12.12"]
[EventType "swiss"]
[EventRounds "10"]
[EventCountry "ESP"]
[SourceTitle "CBM 211 Extra"]
[Source "ChessBase"]
[SourceDate "2023.01.31"]
[SourceVersion "1"]
[SourceVersionDate "2023.01.31"]
[SourceQuality "1"]

1. e4 c5 2. Nf3 d6 3. d4 cxd4 4. Nxd4 Nf6 5. Nc3 Nc6 6. Bg5 e6 7. Qd2 a6 8. 0-0-0 Bd7 9. f4 Be7 10. Be2 h6 11. Bh4 b5 12. Bxf6 Bxf6 13. Nxc6 Bxc6 14. Qxd6 Qxd6 15. Rxd6 Rc8 16. Bf3 Bxc3 17. bxc3 g5 18. f5 exf5 19. exf5 Bxf3 20. gxf3 Kf8 21. Rxa6 Kg7 22. f4 Rc5 23. f6+ Kg6 24. Rg1 Rf5 25. a4 bxa4 26. Rxa4 Kxf6 27. Rf1 Kg6 28. Rd4 Rxf4 29. Rdxf4 gxf4 30. Rxf4 f5 31. h4 Kf6 32. Kd2 Rg8 33. c4 Ke5 34. Rf3 Rg4 35. c5 Rxh4 36. Rc3 Rd4+ 37. Ke3 1/2-1/2

[Event "Sitges Sunway op 9th"]
[Site "Sitges"]
[Date "2022.12.17"]
[Round "6"]
[White "Kollars, Dmitrij"]
[Black "Tahay, Alexis"]
[Result "1/2-1/2"]
[WhiteElo "2610"]
[BlackElo "2400"]
[PlyCount "74"]
[EventDate "2022.12.12"]
[EventType "swiss"]
[EventRounds "10"]
[EventCountry "ESP"]
[SourceTitle "CBM 211 Extra"]
[Source "ChessBase"]
[SourceDate "2023.01.31"]
[SourceVersion "1"]
[SourceVersionDate "2023.01.31"]
[SourceQuality "1"]

1. e4 c5 2. Nf3 d6 3. d4 cxd4 4. Nxd4 Nf6 5. Nc3 a6 6. Be3 e5 7. Nb3 Be6 8. f3 Be7 9. Qd2 0-0 10. 0-0-0 Nbd7 11. g4 b5 12. g5 Nh5 13. Kb1 Nb6 14. Na5 Rc8 15. Nd5 Nxd5 16. exd5 Bxd5 17. Qxd5 Qxa5 18. c4 Nf4 19. Bxf4 exf4 20. h4 Qa4 21. Bd3 bxc4 22. Qe4 g6 23. Bc2 Qe8 24. Rde1 Rc7 25. h5 d5 26. Qe5 Qc6 27. hxg6 fxg6 28. Rxh7 Kxh7 29. Ba4 Qxa4 30. Qxc7 Rf7 31. Rh1+ Kg8 32. Qe5 Rh7 33. Qxd5+ Kg7 34. Qd4+ Kg8 35. Qd5+ Kg7 36. Qe5+ Kg8 37. Qd5+ Kg7 1/2-1/2

[Event "Sitges Sunway op 9th"]
[Site "Sitges"]
[Date "2022.12.13"]
[Round "2"]
[White "Arvind, Ramnath Iyer"]
[Black "Tahay, Alexis"]
[Result "0-1"]
[WhiteElo "1834"]
[BlackElo "2400"]
[PlyCount "68"]
[EventDate "2022.12.12"]
[EventType "swiss"]
[EventRounds "10"]
[EventCountry "ESP"]
[SourceTitle "CBM 211 Extra"]
[Source "ChessBase"]
[SourceDate "2023.01.31"]
[SourceVersion "1"]
[SourceVersionDate "2023.01.31"]
[SourceQuality "1"]

1. e4 c5 2. Nf3 d6 3. d4 cxd4 4. Nxd4 Nf6 5. Nc3 Nc6 6. Bg5 e6 7. Qd2 Qb6 8. Nb3 a6 9. 0-0-0 Be7 10. f4 0-0 11. Be2 Rd8 12. g4 d5 13. Bxf6 dxe4 14. Bd4 Nxd4 15. Nxd4 Bf6 16. Na4 Qxd4 17. Qxd4 Bxd4 18. Kb1 Rd7 19. c4 b6 20. b4 Rb8 21. Kc2 Bf6 22. Nc3 Be7 23. Rxd7 Bxd7 24. Rd1 Be8 25. b5 axb5 26. Nxb5 Ra8 27. Kb1 Bc6 28. Nd4 Ba4 29. Nb3 g6 30. g5 Rd8 31. Rxd8+ Bxd8 32. c5 Bxb3 33. axb3 bxc5 34. Kc2 Bc7 0-1

[Event "Barcelona Sants op-A 23rd"]
[Site "Barcelona"]
[Date "2022.08.22"]
[Round "4"]
[White "Cheng, Bobby Sky"]
[Black "Tahay, Alexis"]
[Result "1-0"]
[WhiteElo "2540"]
[BlackElo "2393"]
[PlyCount "149"]
[EventDate "2022.08.19"]
[EventType "swiss"]
[EventRounds "10"]
[EventCountry "ESP"]
[SourceTitle "CBM 209 Extra"]
[Source "ChessBase"]
[SourceDate "2022.09.30"]
[SourceVersion "1"]
[SourceVersionDate "2022.09.30"]
[SourceQuality "1"]

1. d4 Nf6 2. Nf3 e6 3. g3 d5 4. Bg2 b5 5. 0-0 Nbd7 6. Bg5 Be7 7. a4 b4 8. c4 bxc3 9. Nxc3 a5 10. Rc1 c6 11. Qc2 0-0 12. Rfe1 Ba6 13. e4 Rb8 14. Bf4 Rb4 15. e5 Ne8 16. b3 c5 17. Be3 Qb8 18. Rb1 c4 19. bxc4 Bxc4 20. Nd2 Nb6 21. Na2 Bxa2 22. Qxa2 Nc7 23. Rxb4 Bxb4 24. Rb1 Qe8 25. Ra1 Qc6 26. Bf1 Rb8 27. Nf3 Nc4 28. Rc1 Na8 29. Be2 Nab6 30. Bd1 Qe8 31. Bf4 Rc8 32. Qb3 Rc6 33. h4 Qc8 34. Ra1 Nd7 35. h5 Ncb6 36. h6 g6 37. Bd2 Bxd2 38. Nxd2 Rc1 39. Qb2 Rxa1 40. Qxa1 Qf8 41. Qc3 Qxh6 42. Qxa5 Qf8 43. Qc3 Qc8 44. Qa1 Qa6 45. a5 Nb8 46. Nb3 Nc4 47. Be2 Nc6 48. Qa4 Kg7 49. Nc5 Qxa5 50. Qxc6 Qe1+ 51. Bf1 Nd2 52. Qb5 Nf3+ 53. Kg2 Nxd4 54. Qd3 Nf5 55. Nd7 Qb4 56. Nf6 Qb8 57. Qc3 h5 58. Bd3 Ne7 59. Qc5 Qd8 60. Bb5 Nf5 61. Bd3 Nh6 62. Qc6 Ng4 63. Nxg4 hxg4 64. Qc1 Qh8 65. Qf4 Qb8 66. Qf6+ Kg8 67. Bxg6 fxg6 68. Qxg6+ Kh8 69. Qh6+ Kg8 70. Qxe6+ Kh7 71. Qf7+ Kh8 72. Qh5+ Kg7 73. Qxg4+ Kh8 74. Qh5+ Kg7 75. Qg5+ 1-0

[Event "Pardubice Czech op-A 33rd"]
[Site "Pardubice"]
[Date "2022.07.29"]
[Round "8"]
[White "Tahay, Alexis"]
[Black "Aradhya, Garg"]
[Result "1/2-1/2"]
[WhiteElo "2393"]
[BlackElo "2229"]
[PlyCount "140"]
[EventDate "2022.07.22"]
[EventType "swiss"]
[EventRounds "9"]
[EventCountry "CZE"]
[SourceTitle "CBM 209 Extra"]
[Source "ChessBase"]
[SourceDate "2022.09.30"]
[SourceVersion "1"]
[SourceVersionDate "2022.09.30"]
[SourceQuality "1"]

1. e4 e5 2. Nf3 Nc6 3. Bb5 a6 4. Ba4 Nf6 5. 0-0 Be7 6. d3 b5 7. Bb3 d6 8. a3 Na5 9. Ba2 c5 10. Nc3 Be6 11. Bg5 0-0 12. Bxf6 Bxf6 13. Nd5 Nc6 14. c3 g6 15. b4 Bg7 16. Qe2 cxb4 17. axb4 a5 18. Rfb1 axb4 19. Nxb4 Bxa2 20. Rxa2 Nxb4 21. Rxb4 Qd7 22. h3 d5 23. Rab2 Ra5 24. Qe3 Rc8 25. R4b3 d4 26. cxd4 exd4 27. Qf4 h6 28. g4 Rc3 29. Kg2 Rxb3 30. Rxb3 Ra8 31. e5 Qd5 32. Rb4 Re8 33. Rxd4 Bxe5 34. Rxd5 Bxf4 35. Rxb5 Re2 36. Kf1 Ra2 37. Rb4 Bd6 38. Re4 Kg7 39. Rc4 Kf6 40. Ne1 Ra5 41. Rd4 Be5 42. Re4 Bd6 43. h4 Ra2 44. Nf3 Bc5 45. Rf4+ Ke6 46. Ne1 f5 47. h5 gxh5 48. d4 Bd6 49. gxf5+ Kf6 50. Rh4 Kg5 51. Rh3 Ra1 52. Ke2 Ra2+ 53. Kf1 Ra1 54. Rb3 Kxf5 55. Ke2 Ra5 56. Re3 Ra2+ 57. Kf1 Ra3 58. Nd3 Ra4 59. Ne1 Rxd4 60. Rd3 Be5 61. Rxd4 Bxd4 62. Nf3 Ba7 63. Kg2 Kf4 64. Ng1 Kg4 65. Nh3 Bb6 66. Ng1 Bc7 67. Nh3 h4 68. Ng1 Bb6 69. Nh3 h5 70. Ng1 Bc7 1/2-1/2

[Event "Pardubice Czech op-A 33rd"]
[Site "Pardubice"]
[Date "2022.07.27"]
[Round "6"]
[White "Tahay, Alexis"]
[Black "Dixit, Nikhil"]
[Result "1-0"]
[WhiteElo "2393"]
[BlackElo "2325"]
[PlyCount "85"]
[EventDate "2022.07.22"]
[EventType "swiss"]
[EventRounds "9"]
[EventCountry "CZE"]
[SourceTitle "CBM 209 Extra"]
[Source "ChessBase"]
[SourceDate "2022.09.30"]
[SourceVersion "1"]
[SourceVersionDate "2022.09.30"]
[SourceQuality "1"]

1. e4 e6 2. d4 d5 3. Nc3 Nf6 4. e5 Nfd7 5. f4 c5 6. Nf3 Nc6 7. Be3 a6 8. Ne2 b5 9. g3 f5 10. Bh3 cxd4 11. Nexd4 Nxd4 12. Bxd4 Nc5 13. Qe2 Bd7 14. 0-0-0 Qa5 15. Kb1 b4 16. g4 Ne4 17. Qe3 Rb8 18. Nd2 Rc8 19. Nxe4 dxe4 20. Rd2 Qb5 21. Rhd1 Rc7 22. b3 Qc6 23. Bf1 Be7 24. gxf5 exf5 25. Qg3 Qg6 26. Qxg6+ hxg6 27. Bxa6 Rh4 28. Bb6 Rc6 29. Rxd7 Rxb6 30. Bc4 Rxh2 31. Ra7 Rb8 32. Rdd7 Bc5 33. Rac7 Rh1+ 34. Kb2 Be3 35. a4 Bxf4 36. Re7+ Kf8 37. Rf7+ Ke8 38. Ka2 e3 39. Rxg7 Rh8 40. Bb5+ Kd8 41. Rgd7+ Ke8 42. Rh7+ Kd8 43. Rcd7+ 1-0

[Event "Pardubice Czech op-A 33rd"]
[Site "Pardubice"]
[Date "2022.07.25"]
[Round "4"]
[White "Tahay, Alexis"]
[Black "Dubinski, Mateusz"]
[Result "1-0"]
[WhiteElo "2393"]
[BlackElo "2206"]
[PlyCount "93"]
[EventDate "2022.07.22"]
[EventType "swiss"]
[EventRounds "9"]
[EventCountry "CZE"]
[SourceTitle "CBM 209 Extra"]
[Source "ChessBase"]
[SourceDate "2022.09.30"]
[SourceVersion "1"]
[SourceVersionDate "2022.09.30"]
[SourceQuality "1"]

1. e4 c5 2. Nf3 d6 3. d4 cxd4 4. Nxd4 Nf6 5. Nc3 a6 6. Be2 e5 7. Nb3 Be7 8. 0-0 0-0 9. Qd3 Be6 10. Rd1 Nbd7 11. Nd5 Bxd5 12. exd5 Rc8 13. c4 a5 14. Bd2 b6 15. Rab1 g6 16. Na1 Ne8 17. Qe3 f5 18. Nc2 Nef6 19. Na3 Ne4 20. Be1 Bg5 21. Qh3 Ndf6 22. Nb5 Qd7 23. b3 h5 24. a3 Bh6 25. b4 a4 26. Qd3 Ng5 27. Bd2 h4 28. Rf1 Nfe4 29. Bc1 h3 30. g4 Nf6 31. gxf5 gxf5 32. Kh1 Rf7 33. f4 exf4 34. Bxf4 Nfe4 35. Nd4 Rcf8 36. Ne6 Nxe6 37. Bxh6 Ng7 38. Qxh3 Qe7 39. Rbe1 Qe5 40. Qg2 Qc3 41. Rg1 Kh7 42. Ref1 Re7 43. Bf3 Rff7 44. Bxe4 Rxe4 45. Rxf5 Rxf5 46. Qg6+ Kg8 47. Qxf5 1-0

[Event "Pardubice Czech op-A 33rd"]
[Site "Pardubice"]
[Date "2022.07.23"]
[Round "2"]
[White "Tahay, Alexis"]
[Black "Luberanski, Jakub"]
[Result "1/2-1/2"]
[WhiteElo "2393"]
[BlackElo "2241"]
[PlyCount "130"]
[EventDate "2022.07.22"]
[EventType "swiss"]
[EventRounds "9"]
[EventCountry "CZE"]
[SourceTitle "CBM 209 Extra"]
[Source "ChessBase"]
[SourceDate "2022.09.30"]
[SourceVersion "1"]
[SourceVersionDate "2022.09.30"]
[SourceQuality "1"]

1. e4 c6 2. Nf3 d5 3. d3 dxe4 4. dxe4 Qxd1+ 5. Kxd1 Nf6 6. Nbd2 Nbd7 7. Ne1 Nc5 8. f3 Nfd7 9. a4 a5 10. Nc4 e5 11. Be3 f6 12. Nd3 Kd8 13. Nb6 Nxb6 14. Nxc5 Bxc5 15. Bxc5 Kc7 16. c3 Be6 17. Kc2 Nc8 18. Be2 b6 19. Bf2 Nd6 20. Rhd1 Rhd8 21. g4 Nb7 22. Rxd8 Rxd8 23. b4 Ra8 24. g5 fxg5 25. Bg3 Kd6 26. b5 cxb5 27. Bxb5 Nc5 28. Kb2 Rf8 29. Rd1+ Ke7 30. Bxe5 Rxf3 31. Rd2 Nxe4 32. Re2 Nd6 33. Bxg7 Nxb5 34. axb5 Rf5 35. Be5 Bc4 36. Re3 Kd7 37. Re4 Bxb5 38. Bg3 Bc6 39. Re2 h5 40. c4 h4 41. Bf2 Bf3 42. Re1 Bd5 43. Bxb6 Bxc4 44. Kc3 Be6 45. Ra1 Rf3+ 46. Kd4 a4 47. Ke5 Bb3 48. Rg1 Rh3 49. Rg2 g4 50. Bd4 Be6 51. Rd2 Bc4 52. Kf4 Be6 53. Ke5 Ke7 54. Kf4 a3 55. Kg5 a2 56. Kg6 Rf3 57. Kg5 Rf5+ 58. Kg6 Rd5 59. Bf6+ Kd7 60. Rxa2 h3 61. Ra7+ Kc8 62. Bh4 Rd3 63. Kf6 Bd5 64. Kg5 Be6 65. Bg3 Rd7 1/2-1/2

[Event "Pardubice Czech op-A 33rd"]
[Site "Pardubice"]
[Date "2022.07.22"]
[Round "1"]
[White "Staeblein, Christoph"]
[Black "Tahay, Alexis"]
[Result "0-1"]
[WhiteElo "2150"]
[BlackElo "2393"]
[PlyCount "98"]
[EventDate "2022.07.22"]
[EventType "swiss"]
[EventRounds "9"]
[EventCountry "CZE"]
[SourceTitle "CBM 209 Extra"]
[Source "ChessBase"]
[SourceDate "2022.09.30"]
[SourceVersion "1"]
[SourceVersionDate "2022.09.30"]
[SourceQuality "1"]

1. d4 Nf6 2. c4 e6 3. g3 d5 4. Nf3 Bb4+ 5. Bd2 a5 6. Bg2 0-0 7. Qc2 Nbd7 8. 0-0 Be7 9. Bf4 c6 10. b3 Ne4 11. Nc3 f5 12. Ne5 Nd6 13. Qd3 g5 14. Nxd7 Bxd7 15. Be5 Nf7 16. f4 Nxe5 17. dxe5 Be8 18. Rad1 Bf7 19. Kh1 Qb8 20. cxd5 cxd5 21. Nb5 Qd8 22. Rc1 Rc8 23. Qe3 Qd7 24. a4 g4 25. Na7 Rxc1 26. Rxc1 Ra8 27. Nb5 Rc8 28. h3 h5 29. Na7 Rc7 30. Nb5 Rxc1+ 31. Qxc1 Qc6 32. Qxc6 bxc6 33. Nd4 c5 34. Nc6 Kf8 35. Nxa5 Be8 36. hxg4 hxg4 37. Kg1 c4 38. bxc4 Bb4 39. cxd5 Bxa5 40. dxe6 Bb6+ 41. Kh2 Be3 42. Bd5 Bxa4 43. Bc4 Ke7 44. Kg2 Bc6+ 45. Kh2 Bb7 46. Bd5 Bc8 47. Bc6 Bxe6 48. Bb7 Kd7 49. Ba8 Bc4 0-1

[Event "San Cristobal op 3rd"]
[Site "San Cristobal de la Laguna"]
[Date "2021.09.04"]
[Round "9"]
[White "Tahay, Alexis"]
[Black "Chatalbashev, Boris"]
[Result "0-1"]
[WhiteElo "2376"]
[BlackElo "2530"]
[PlyCount "120"]
[EventDate "2021.08.28"]
[EventType "swiss"]
[EventRounds "9"]
[EventCountry "ESP"]
[SourceTitle "CBM 204 Extra"]
[Source "ChessBase"]
[SourceDate "2021.11.30"]
[SourceVersion "1"]
[SourceVersionDate "2021.11.30"]
[SourceQuality "1"]

1. e4 g6 2. d4 Bg7 3. Nf3 d6 4. Be2 Nf6 5. Nc3 0-0 6. 0-0 c6 7. a4 Qc7 8. Be3 e5 9. Qd2 Nbd7 10. dxe5 Nxe5 11. Nxe5 dxe5 12. Bc4 Rd8 13. Qe2 b6 14. Rfd1 Bb7 15. Ba6 Bxa6 16. Qxa6 Ng4 17. Bg5 Bf6 18. Bxf6 Nxf6 19. Qc4 Kg7 20. Kf1 Rac8 21. Ke2 h5 22. h4 Nd7 23. g3 Nc5 24. Rxd8 Rxd8 25. Rd1 a5 26. Nb1 Rxd1 27. Kxd1 Qd7+ 28. Nd2 Qh3 29. b3 Qh1+ 30. Ke2 Qa1 31. Nf3 f6 32. Ne1 Qd4 33. Qxd4 exd4 34. f3 g5 35. Nd3 Nd7 36. f4 g4 37. f5 Kf7 38. Kd2 Ke7 39. c3 dxc3+ 40. Kxc3 Kd6 41. Kd4 b5 42. Ke3 Nc5 43. e5+ fxe5 44. Nxc5 Kxc5 45. b4+ axb4 46. f6 Kd6 47. a5 b3 48. Kd2 e4 49. a6 e3+ 50. Kxe3 b2 51. a7 b1Q 52. a8Q Qe1+ 53. Kd3 Qxg3+ 54. Kc2 Qf2+ 55. Kb3 Qxf6 56. Qb8+ Kd5 57. Qg8+ Kc5 58. Qh7 Qe6+ 59. Kb2 Qe5+ 60. Ka2 g3 0-1

[Event "Biel HTO 54th"]
[Site "Biel"]
[Date "2021.08.04"]
[Round "9"]
[White "Tahay, Alexis"]
[Black "Sultan, Ibrahim"]
[Result "1-0"]
[WhiteElo "2349"]
[BlackElo "2076"]
[PlyCount "77"]
[EventDate "2021.07.26"]
[EventType "swiss"]
[EventRounds "9"]
[EventCountry "SUI"]
[SourceTitle "CBM 203 Extra"]
[Source "ChessBase"]
[SourceDate "2021.09.30"]
[SourceVersion "1"]
[SourceVersionDate "2021.09.30"]
[SourceQuality "1"]

1. e4 e6 2. d4 d5 3. Nc3 Nf6 4. e5 Nfd7 5. f4 c5 6. Nf3 Nc6 7. Be3 cxd4 8. Nxd4 Bc5 9. Qd2 a6 10. Be2 0-0 11. 0-0 Nxd4 12. Bxd4 b5 13. Bf3 Bxd4+ 14. Qxd4 Qb6 15. Ne2 Bb7 16. a4 Qc7 17. axb5 axb5 18. Nc3 Bc6 19. Be2 b4 20. Nb5 Bxb5 21. Bxb5 Qb6 22. Qxb6 Nxb6 23. Kf2 Rac8 24. Bd3 f6 25. exf6 Rxf6 26. Ke2 Rcf8 27. g3 Nd7 28. Ke3 Nc5 29. Be2 b3 30. c3 Ne4 31. Bd3 Rh6 32. Bxe4 dxe4 33. Rf2 e5 34. f5 g6 35. f6 g5 36. Ra6 Rh5 37. Rb6 g4 38. Rxb3 Rc8 39. Rb4 1-0